VITA E' MERAVIGLIOSA (LA) (Record n. 106906)

Dettagli MARC
000 -LEADER
fixed length control field 02334agaaa2200349 4500
001 - CONTROL NUMBER
control field 6148
003 - CONTROL NUMBER IDENTIFIER
control field IT-RoPAU
005 - DATE AND TIME OF LATEST TRANSACTION
control field 20220918181252.0
007 - PHYSICAL DESCRIPTION FIXED FIELD--GENERAL INFORMATION
fixed length control field d cvaizq
008 - FIXED-LENGTH DATA ELEMENTS--GENERAL INFORMATION
fixed length control field 50131s9999||||xx ||| | || ||und||
040 ## - CATALOGING SOURCE
Original cataloging agency IT-RoPAU
Transcribing agency IT-RoPAU
041 ## - LANGUAGE CODE
Language code of text/sound track or separate title ITALIANO
100 ## - MAIN ENTRY--PERSONAL NAME
Personal name Capra Frank
Miscellaneous information Codice regista SPICS: 8472
9 (RLIN) 42646
130 ## - MAIN ENTRY--UNIFORM TITLE
Uniform title VITA E' MERAVIGLIOSA (LA)
9 (RLIN) 49373
240 ## - UNIFORM TITLE
Uniform title IT'S A WONDERFUL LIFE
Miscellaneous information T2019
245 ## - TITLE STATEMENT
Title VITA E' MERAVIGLIOSA (LA)
Statement of responsibility, etc. Prodotto da: Capra Frank -- Sceneggiatura: Capra Frank Goodrick Frances Hakett Albert Swerling Jo -- Diretto da: Capra Frank
Name of part/section of a work VITA E' MERAVIGLIOSA (LA) (Rif. Codice opera principale : H6148)
246 ## - VARYING FORM OF TITLE
Title proper/short title IT'S A WONDERFUL LIFE
250 ## - EDITION STATEMENT
Edition statement Edizione Standard
260 ## - PUBLICATION, DISTRIBUTION, ETC. (IMPRINT)
Place of publication, distribution, etc. (USA)
Name of publisher, distributor, etc. LIBERTY FILM / Distribuzione: ALBERTO PERUZZO EDIT
Date of manufacture "1946 (1° ed.: 2005 ; Ed. Lingua Orig.: 1946)"
300 ## - PHYSICAL DESCRIPTION
Extent DVD
Other physical details sonoro, b&w
Dimensions 130 minuti
508 ## - CREATION/PRODUCTION CREDITS NOTE
Creation/production credits note "Fotografia: Biroc J. Walker J.; Montaggio: Hornbeck William; Musica: Tiomkin Dimitri; Sceneggiatura: Capra Frank Goodrick Frances Hakett Albert Swerling Jo; Scenografia: Okey Jack; Soggetto: Swerling Jo -- Wilson Michael"
511 ## - PARTICIPANT OR PERFORMER NOTE
Participant or performer note "Stewart James; Reed Donna; Barrymore Lionel; Travers Henry; Mitchell Thomas; Bond War"
520 ## - SUMMARY, ETC.
Summary, etc. E' LA STORIA DI GEORGE BAILEY, UNA VITA DI SACRIFICIO PER IL PROSSIMO. IN UNA CITTADINA DI PROVINCIA DIFENDE LA COOPERATIVA EDILIZIA DEL PADRE DAL POTERE DEL PERFIDO CAPITALISTA POTTER. ALLA VIGILIA DI NATALE SUO ZIO SMARRISCE UNA GROSSA SOMMA DI DENARO DEI FONDI DELLA SOCIETA'. DISPERATO, GEORGE DECIDE DI SUICIDARSI. LO SALVA LA PROVVIDENZA CELESTE, NEI PANNI DI UN ASPIRANTE ANGELO, CLARENCE, CHE GLI MOSTRA QUALI DRAMMI SAREBBERO AVVENUTI SE LUI NON FOSSE MAI NATO. RITROVATA LA SPERANZA, L'UOMO TORNA A CASA E SCOPRE CHE GLI AMICI E I PARENTI HANNO DATO I LORO RISPARMI PER EVITARE LA BANCAROTTA DELLA COOPERATIVA.
538 ## - SYSTEM DETAILS NOTE
System details note PAL, STEREO
546 ## - LANGUAGE NOTE
Language note ITALIANO
650 ## - SUBJECT ADDED ENTRY--TOPICAL TERM
Topical term or geographic name as entry element COMMEDIA
Relator term DVD-FILM [DVD]
General subdivision Codice MATERIA SPICS: 9947
9 (RLIN) 36668
700 ## - ADDED ENTRY--PERSONAL NAME
Personal name Capra Frank
Relator term (regista)
Miscellaneous information Codice regista SPICS: 8472
9 (RLIN) 42646
700 ## - ADDED ENTRY--PERSONAL NAME
Personal name Swerling Jo
Relator term (soggetto)
Miscellaneous information Codice Soggetto SPICS: 58433
9 (RLIN) 49374
700 ## - ADDED ENTRY--PERSONAL NAME
Personal name Tiomkin Dimitri
Relator term (musica)
Miscellaneous information Codice Musica SPICS: 11173
9 (RLIN) 49375
700 ## - ADDED ENTRY--PERSONAL NAME
Personal name Wilson Michael
Relator term (soggetto)
Miscellaneous information Codice Soggetto 2° SPICS: 443
9 (RLIN) 49376
942 ## - ADDED ENTRY ELEMENTS (KOHA)
Koha item type DVD
Source of classification or shelving scheme Dewey Decimal Classification
Dati di copia
Withdrawn status Lost status Damaged status Not for loan Home library Current library Date acquired Total Checkouts Full call number Date last seen Price effective from Koha item type Public note
    Buone Condizioni Not For Loan SPICS-MEDIATECA SPICS-MEDIATECA 31/01/2015   H6148 31/01/2015 31/01/2015 DVD Progr. Ins.: 3377 / N.Vol.:1 / Copie: 1 / Pag.:0 / Copia rara: n.d. / date import: 1.2.2015 / By Epidotti, Trombetti, Vaglietti
CREDITS: SOCIETA' SAN PAOLO Via A.Severo, 58 - ROMA (RM) & PERIODICI SAN PAOLO SRL Via Giotto, 36 MILANO & CISF Via Giotto, 36 MILANO & EDIZIONI SAN PAOLO SRL,  Piazza Soncino, 5 CINISELLO BALSAMO (MI) -- ITALY